| 000 | 00479cam a22001697a 4500 | ||
|---|---|---|---|
| 999 |
_c7261 _d7261 |
||
| 003 | OSt | ||
| 005 | 20191111154344.0 | ||
| 008 | 191111e201910 spca 001 0dcat d | ||
| 017 |
_aDL B 19248-2019 _bBiblioteca de Catalunya |
||
| 020 | _a9788418022050 | ||
| 040 |
_aES-BaBAB _bcat _cCDMR |
||
| 100 | 1 |
_aPons, Agustí _d1947- _eautor _92195 |
|
| 245 | 1 | 0 |
_aCrònica al marge _c/ Agustí Pons |
| 260 |
_aBarcelona : _bComanegra, _c2019 |
||
| 300 |
_a254 p. : _bil ; _c24 cm |
||
| 942 | _cMON | ||